Právne postavenie štátneho zamestnanca zborník z odborného seminára s medzinárodnou účasťou, 22.-24. októbra 2001 Liptovský Ján

Bibliographic Details
Other Authors: Hrvol, Miloš (Compiler)
Format: Book
Language:Slovak
PhysicalDescription:131 s. grafy, tab. 26 cm
Published: V Bratislave Akadémia Policajného zboru 2002
ISBN:8080542295
Subjects:

MARC

LEADER 00000cam a2200000 a 4500
001 vtls001444915
003 SK-MaSNL
005 20260301121229.0
008 251117s2002 xo aa fr 10000 slo
015 |a SNBA2003/04-00903 
020 |a 8080542295 
035 |a SNK000400147 
035 |a urn:nbn:sk:snk-amk414 
035 |a urn:nbn:sk:snk-am00568a 
035 |a 5CFBE8F0-0002-46A2-940B-2033A3ABEF06 
040 |a SNK  |b slo  |c SNK  |e AACR2 
041 0 |a slo 
044 |a xo  |c SK 
080 |a 35.08:34(082)=162.4=162.3  |2 1981 
080 |a 34(082)=162.4=162.3  |2 1981 
245 0 0 |a Právne postavenie štátneho zamestnanca  |b zborník z odborného seminára s medzinárodnou účasťou, 22.-24. októbra 2001 Liptovský Ján  |c [zostavovateľ: Miloš Hrvol] 
260 |a V Bratislave  |b Akadémia Policajného zboru  |c 2002 
300 |a 131 s.  |b grafy, tab.  |c 26 cm 
500 |a Čiast. text čes. 
500 |a Údaj o zost. prevzatý z tir. 
500 |a 150 výt. 
504 |a Bibliogr. odkazy. Pozn. 
650 0 7 |a štátni zamestnanci  |2 SNKPH  |9 4516 
650 0 7 |a právne postavenie  |2 SNKPH  |9 3870 
655 7 |a zborníky konferencií  |2 SNKPH  |9 70153 
700 1 |a Hrvol, Miloš  |4 com  |9 8357 
752 |d Bratislava 
919 |a 80-8054-229-5 
958 |a TL 
958 |a NB 
958 |a ZB 
958 |a OND 
999 |c 728663  |d 730593 
952 |t P60, <03>, [BOOK], {603}  |a SNK  |b SNK  |y PREZ  |7 0  |p 17A0365553  |o snkSC 109997  |i snkKSP 14511/2002  |0 0  |1 0  |4 0  |d 2002-11-29  |f 1  |l 0  |r 2025-09-30 00:00:00  |w 2026-02-23 
952 |t P60, <04>, [BOOK], {604}  |a SNK  |b SNK  |y VYP  |7 0  |p 17A0365554  |o snkSC 109997 D1  |i snkKSP 14512/2002  |0 0  |1 0  |4 0  |d 2002-11-29  |l 0  |r 2005-01-02 00:00:00  |w 2026-02-23